Statistics for Hogwarts Teachers and Staff - (Harry Potter)

Click here to take the quiz!

General Stats

  • This quiz has been taken 140 times
  • The average score is 20 of 27

Answer Stats

HintAnswer% Correct
Professor DumbledoreHeadmaster, Transfiguration
100%
Professor McGonagallDeputy Headmistress, Headmistress, Transfiguration, Head of Gryffindor House
95%
Professor TrelawneyDivination
95%
Professor SnapeHeadmaster, Potions, Defense Against the Dark Arts, Head of Slytherin House
84%
Professor SproutHerbology, Head of Hufflepuff House
83%
Professor SlughornPotions Professor, Head of Slytherin House
80%
Professor Moody (Barty Crouch Jr.)Defense Against the Dark Arts
79%
Professor FlitwickCharms
78%
Professor UmbridgeDefense Against the Dark Arts
78%
Rubeus HagridGamekeeper, Care of Magical Creatures
77%
Neville Longbottom (Adult)Herbology
77%
FirenzeDivination
76%
Professor QuirrellDefense Against the Dark Arts
75%
Professor LupinDefense Against the Dark Arts
75%
Professor LockhartDefense Against the Dark Arts
75%
Madam HoochQuidditch Referee, Flying Instructor
75%
Charity BurbageMuggle Studies
73%
Professor Grubbly-PlankCare of Magical Creatures
69%
Professor BinnsHistory of Magic
67%
Professor SinistraAstronomy
66%
Madam PomfreyNurse
65%
Irma PinceLibrarian
58%
Professor VectorArithmancy
55%
Argus FilchCaretaker (Janitor)
55%
Professor KettleburnCare of Magical Creatures
53%
Alecto CarrowDeputy Headmistress, Muggle Studies
51%
Amycus CarrowDeputy Headmaster, Dark Arts
43%

Score Distribution

Percentile by Number Answered

Percent of People with Each Score

Your Score History

You have not taken this quiz